| 000 | 00769cab a2200253 4500 | ||
|---|---|---|---|
| 001 | ABS58155 | ||
| 008 | 090401t1998 xxu||||| |||| 00| 0 eng d | ||
| 035 | _a(Sirsi) u83478 | ||
| 041 | _aeng | ||
| 100 | _aSimpkins, E. | ||
| 245 | _aSuite promises | ||
| 260 | _c1998 | ||
| 350 | _a0 | ||
| 490 |
_aEstates Gazette _v(9803) 17 January 1998, 62-63(2) |
||
| 520 | _aExamines how the serviced office sector seems to be strengthening due to the appeal of short-term leases plus secretarial and IT support. | ||
| 650 | _aOCCUPIERS REQUIREMENTS | ||
| 650 | _aOFFICE SPACE | ||
| 650 | _aREGUS | ||
| 650 | _aSERVICED OFFICES | ||
| 650 | _aSUPPORT STAFF | ||
| 690 | _aPROPERTY-COMMERCIAL PROPERTY-COMMERCIAL PROPERTY MARKET | ||
| 942 | _n0 | ||
| 948 | _c02/02/1998 | ||
| 999 |
_c52725 _d52725 |
||